Diplomatari del monestir de Santa Maria de Santes Creus : (975-1225) / per Joan Papell i Tardiu (975-1225) / per Joan Papell i Tardiu
ISBN:
84-9779-336-6
Descripción Física:
2 v. (973 p.) ; 24 cm
Colección:
Diplomataris ; 35 ; 36
Otros Autores:
Papell i Tardiu, Joan
MARC
| LEADER | 00000nam a2200000Ia 4500 | ||
|---|---|---|---|
| 001 | 18197, 18198 | ||
| 003 | BGR | ||
| 005 | 20260324175218.0 | ||
| 008 | 160829s2005 xx 000 0 cat d | ||
| 020 | |a 84-9779-336-6 (o.c.) | ||
| 080 | |a A-2-266, A-2-267 | ||
| 245 | |a Diplomatari del monestir de Santa Maria de Santes Creus : |b (975-1225) / per Joan Papell i Tardiu | ||
| 260 | |a Barcelona : |b Fundació Noguera, |c 2005 | ||
| 300 | |a 2 v. (973 p.) ; |c 24 cm | ||
| 490 | |a Diplomataris ; 35 ; 36 | ||
| 590 | |a Bibliografia. | ||
| 590 | |a Text en llatí, introducció en català. | ||
| 650 | |a Santes Creus (Monestir) |x Història |x Fonts II- Santes Creus (Monestir) |x Arxius |x Catàlegs |9 20774 | ||
| 700 | |a Papell i Tardiu, Joan |9 20775 | ||
| 710 | 2 | |a Fundació Noguera |9 70407 | |
| 866 | |a 1, 2 | ||
| 901 | |a Arxiu | ||
| 942 | |n 1 |2 udc |c MON | ||
| 952 | |0 0 |1 0 |4 0 |6 A2266_A2267 |7 1 |9 41663 |a Arxiu |b Arxiu |d 2016-12-01 |l 0 |o A-2-266, A-2-267 |p 18197, 18198 |r 2016-12-01 00:00:00 |w 2016-12-01 |y ARXIU | ||
| 999 | |c 43553 |d 43553 | ||